| 000 | 00940nam a2200289Ia 4500 | ||
|---|---|---|---|
| 001 | dia_1160 | ||
| 003 | CHAP | ||
| 005 | 20230120105858.0 | ||
| 008 | 220117s1987 xx 000 0 und d | ||
| 010 | _a171707 | ||
| 020 | _a84-7069-447-2 (Obra completa) | ||
| 040 | _cCHAP | ||
| 082 | _aC 503 N84 1987 | ||
| 245 |
_aNueva enciclopedia de la ciencia y de la técnica / _c edición Carlos Gispert |
||
| 260 |
_aBarcelona, España : _b Oceano, _c1987 |
||
| 300 | _a8 v. | ||
| 500 | _aTítulo original: Enciclopedia delle science e delle techniche | ||
| 503 | _aI.135652 (Colección) | ||
| 590 | _aQ123 N84 1987 | ||
| 650 |
_aCiencia _xDiccionarios, enciclopedias / _9150177 |
||
| 650 |
_aTecnología _xDiccionarios, enciclopedias _9150178 |
||
| 700 |
_aGispert, Carlos, ed. _9150179 |
||
| 901 | _aC 503 N84 1987 | ||
| 902 | _aM | ||
| 905 | _a5222271987 SP aimn8282223322SPA16 | ||
| 942 |
_cLIBRO _2ddc |
||
| 999 |
_c171707 _d171707 |
||